02805nam a22003734a 4500001001200000003000800012006001900020007001500039008004100054010001700095020002500112040002100137035002100158050002400179082001800203245016600221260005600387300002300443504005100466505135800517533015201875650002902027650002402056650001602080650002302096650003902119655002902158700001802187700002902205700003502234710001702269856012602286999001902412ebr10397577CaPaEBRm u cr cn|||||||||070619s2007 nyua sb 001 0 eng  z 2007025786 z9789280811414 (pbk.) aCaPaEBRcCaPaEBR a(OCoLC)64550057614aK5301b.A978 2007eb04a345/.023522200aAtrocities and international accountabilityh[electronic resource] :bbeyond transitional justice /cedited by Edel Hughes, William A. Schabas and Ramesh Thakur. aNew York :bUnited Nations University Press,c2007. axi, 297 p. :bill. aIncludes bibliographical references and index.0 aHow to come to terms with the past / Peter R. Baehr -- Does power trump morality? reconciliation or transitional justice? / Rama Mani -- Transitional justice and conflict termination : Mozambique, Rwanda and South Africa assessed / Helena Cobban -- All the truth but only some justice? dilemmas of dealing with the past in new democracies / Jorge Heine -- East Timor's search for justice, reconciliation and dignity / Jeff Kingston -- No substitute for sovereignty : why international criminal justice has a bleak future and deserves it / Jeremy Rabkin -- Dancing with the devil : prosecuting West Africa's warlords : current lessons learned and challenges / David M. Crane -- The development of prosecutorial discretion in international criminal courts / Matthew Brubacher -- Alternatives to prosecution : the case of Rwanda / Gerald Gahima -- Independence and impartiality of the international judiciary : some lessons learned, and some ignored / William A. Schabas -- Impartiality deficit and international criminal judging / Diane Marie Amann -- The effect of amnesties before domestic and international tribunals : morality, law and politics / Leila Nadya Sadat -- Trading justice for peace : the contemporary law and policy debate / Michael P. Scharf -- Concluding remarks : the questions that still remain / William A. Schabas and Ramesh Thakur. aElectronic reproduction.bPalo Alto, Calif. :cebrary,d2013.nAvailable via World Wide Web.nAccess may be limited to ebrary affiliated libraries. 0aCrimes against humanity. 0aCriminal liability. 0aAtrocities. 0aTruth commissions. 0aReconciliationxPolitical aspects. 7aElectronic books.2local1 aHughes, Edel.1 aSchabas, William,d1950-1 aThakur, Ramesh Chandra,d1948-2 aebrary, Inc.40uhttp://site.ebrary.com/lib/rucke/Doc?id=10397577zAn electronic book accessible through the World Wide Web; click to view c192565d192565